Das Dänische Kolonialreich - Statistiken

Allgemein
  • Dieses Quiz wurde 42 mal gespielt
  • Das Durchschnittsergebnis liegt bei 3 aus 8
Antwortstatistiken
Zeit Antwort % Korrekt
1814-1944 Island
97%
1721 Grönland
92%
1380 Die Färöer
58%
Dänemark
56%
1620-1845 Dänisch-Indien
8%
17Jh-1917 Dänisch-Westindien
8%
1750-1850 Goldküste
6%
17Jh-18Jh Dänisch-Gruenland(Svalbard)
3%
Keine übereinstimmenden Quizze gefunden
Verteilung der Resultate
Anzahl Personen mit jedem Resultat
Perzentil nach korrekt beantworteten Fragen
Ihre Resultats-Entwicklung
Sie haben dieses Quiz noch nicht gespielt